Quiz najmniejszych krajów świata. - Statystyki

Ogólne statystyki
  • Ten quiz został rozwiązany 75 razy
    19 od ostatniego zresetowania
  • Średni wynik to 7 z 10
Statystyki odpowiedzi
Zagadnienie Odpowiedź % Poprawnych
Najmniejszy kraj na literę A Andora
100%
Który kraj świata jest najmniejszy Watykan
100%
Najmniejszy kraj Unii Europejskiej Malta
92%
Który kraj europejski jest najmniejszy Watykan
92%
Najmniejszy kraj Ameryki Północnej Grenada
91%
Najmniejszy kraj na literę K Kiribati
87%
Najmniejszy kraj Oceani Nauru
85%
Jakie jest 2 najmniejsze państwo świata Księstwo Monako
75%
Który kraj Ameryki Południowej jest najmniejszy Surinam
75%
Która wyspa-kraj jest najmniejsza na świecie. Nauru
71%
Który kontynent na świecie jest najmniejszy Australia
63%
Najmniejszy kraj Afryki Gambia
33%
który kraj Ameryki Środkowej jest najmniejszy Salwador
10%
Najmniejsze Mini państwo w Europie San Marino
9%
Najmniejszy kraj na literę Z Zimbabwe
9%
Nie znaleziono quizów pasujących do podanych kryteriów
Rozkład punktacji
Procent ludzi z każdym wynikiem
Percentyl według liczby udzielonych odpowiedzi
Twoja historia wyników
Nie rozwiązałeś tego quizu od ostatniego zresetowania